书目信息 |
| 题名: |
近距离煤层群开采自燃规律及综合防治技术
|
|
| 作者: | 李庆军 主编 ;双鸭山矿业集团有限公司 编著 | |
| 分册: | ||
| 出版信息: | 北京 煤炭工业出版社 2006.6 |
|
| 页数: | 252页 | |
| 开本: | 26cm | |
| 丛书名: | ||
| 单 册: | ||
| 中图分类: | TD75 | |
| 科图分类: | ||
| 主题词: | 煤层--mei ceng--内因火灾--规律--研究 , 煤层--mei ceng--内因火灾--矿山防火 , 矿山防火--kuang shan fang huo , 内因火灾--nei yin huo zai | |
| 电子资源: | ||
| ISBN: | 7-5020-2848-X | |
| 000 | 01229nam0 2200289 45 | |
| 001 | 012006000000 | |
| 005 | 20061113161753.20 | |
| 010 | @a7-5020-2848-X@dCNY45.00 | |
| 100 | @a20061018d2006 em y0chiy0121 ea | |
| 101 | 0 | @achi |
| 102 | @aCN@b110000 | |
| 105 | @aak a 000yy | |
| 200 | 1 | @a近距离煤层群开采自燃规律及综合防治技术@Ajin ju li mei ceng qun kai cai zi ran gui lu^ ji zong he fang zhi ji shu@e双鸭山矿区煤层自燃防治理论与实践@f[李庆军主编]@g双鸭山矿业集团有限公司编著 |
| 210 | @a北京@c煤炭工业出版社@d2006.6 | |
| 215 | @a252页@c图@d26cm | |
| 320 | @a有书目 (第249-252页) | |
| 330 | @a本书共八章, 内容包括: 概述; 煤层自燃性及预报气体指标; 煤层自燃条件及其数值模拟; 松散煤体自然危险区域判定等。 | |
| 517 | 1 | @a双鸭山矿区煤层自燃防治理论与实践@Ashuang ya shan kuang qu mei ceng zi ran fang zhi li lun yu shi jian |
| 606 | 0 | @a煤层@Amei ceng@x内因火灾@x规律@x研究 |
| 606 | 0 | @a煤层@Amei ceng@x内因火灾@x矿山防火 |
| 606 | 0 | @a矿山防火@Akuang shan fang huo |
| 606 | 0 | @a内因火灾@Anei yin huo zai |
| 690 | @aTD75@v4 | |
| 701 | 0 | @a李庆军@Ali qing jun@4主编 |
| 712 | 02 | @a双鸭山矿业集团有限公司@Ashuang ya shan kuang ye ji tuan you xian gong si@4编著 |
| 801 | 0 | @aCN@c20061113 |
| 905 | @a10447@dTD75@eL230 | |
| 近距离煤层群开采自燃规律及综合防治技术:双鸭山矿区煤层自燃防治理论与实践/[李庆军主编]/双鸭山矿业集团有限公司编著.-北京:煤炭工业出版社,2006.6 |
| 252页:图;26cm |
| ISBN 7-5020-2848-X:CNY45.00 |
| 本书共八章, 内容包括: 概述; 煤层自燃性及预报气体指标; 煤层自燃条件及其数值模拟; 松散煤体自然危险区域判定等。 |
| ● |
| 相关链接 |
|
|
|
正题名:近距离煤层群开采自燃规律及综合防治技术
索取号:TD75/L230
 
预约/预借
| 序号 | 登录号 | 条形码 | 馆藏地/架位号 | 状态 | 备注 |
| 1 | 638698 | 206386980 | 自科库501/501自科库 21排3列3层/ [索取号:TD75/L230] | 在馆 | |
| 2 | 638699 | 206386999 | 自科二线504/504自科库 41排6列6层/ [索取号:TD75/L230] | 在馆 | |
| 3 | 638700 | 206387006 | 自科库501/501自科库 21排3列3层/ [索取号:TD75/L230] | 在馆 |